Bamboo and rattan production-to-consumption systems : A framework for assessing development options

Bibliographic Details
Main Author: BELCHER
Corporate Author: International Network for Bamboo and Rattan (INBAR)
Format: Book
Published: New Delhi, India : International Network for Bamboo and Rattan , 1995
Series:INBAR working paper ; n. 4
Subjects:

MARC

LEADER 00000cam a2200000 7i4500
001 0000001009
005 20131207.0
090 0 0 |a 633.58   |b BEL 1995 
100 1 0 |a BELCHER   |h Brian M. 
245 1 0 |a Bamboo and rattan production-to-consumption systems :   |b A framework for assessing development options   |c Brian Belcher 
260 0 0 |a New Delhi, India :   |b International Network for Bamboo and Rattan ,   |c 1995 
300 |a ii, 12 p. ;   |c 28 cm. 
440 0 0 |a INBAR working paper ; n. 4 
500 0 0 |a Bibliography : [p. 12] 
650 0 0 |a Bamboo 
650 0 0 |a Rattan 
710 1 1 |a International Network for Bamboo and Rattan (INBAR) 
998 |a JPSM 
999 |a 0000003052   |b Monograph   |c Open Shelf   |e Default branch